| 000 | 00852cam a22002411 4500 | ||
|---|---|---|---|
| 001 | agr50000008 | ||
| 003 | DLC | ||
| 005 | 20260227111012.0 | ||
| 008 | 790703s1949 nyuab 000 0 eng | ||
| 010 | _aagr50000008 | ||
| 035 | _a(OCoLC)5136822 | ||
| 040 |
_aDLC _cTxCM _dDLC |
||
| 042 | _apremarc | ||
| 050 | 0 | 0 |
_aS606 _b.H6 |
| 100 | 1 | _aHowell, Henrie Andrews. | |
| 245 | 1 | 0 | _aMuddy water. |
| 260 |
_aNew York, _bProject in Applied Economics, _c1949. |
||
| 300 |
_a94 p. _billus., map. |
||
| 500 | _a"Published ... under the sponsorship of the Committee on Studies and Standards, American Association of Colleges for Teacher Education." | ||
| 650 | 0 |
_aSoil conservation _vJuvenile literature. |
|
| 710 | 2 | _aProject in Applied Economics. | |
| 710 | 2 |
_aAmerican Association of Colleges for Teacher Education. _bCommittee on Studies and Standards. |
|
| 999 |
_c11086 _d11086 |
||